| 000 | 00408pab a2200145 454500 | ||
|---|---|---|---|
| 008 | 180718b2003 xxu||||| |||| 00| 0 eng d | ||
| 100 | _aTaylor, J. Edward et al. | ||
| 245 | _aThe economics of ecotourism: a galapagos islands economy-wide perspective | ||
| 260 | _c2003 | ||
| 300 | _ap.977-97. | ||
| 362 | _aJul | ||
| 650 | _aTourism | ||
| 773 | _aEconomic Development and Cultural Change | ||
| 909 | _a59070 | ||
| 999 |
_c59070 _d59070 |
||